000 00872nam0a22002531 4500
001 v19\rc\1473274
005 20260407143418.0
035 _a(NLR Aleph) 004608256
090 _a2878156
_c2878156
100 _a20060620d1877 |||y0rusy50 ca
101 0 _arus
102 _aRU
105 _ay z |||||
200 1 _aИнструкция обер-кондукторам и кондукторам
210 _aМосква
_d1877
215 _a162 с.
225 1 _aОбщество Московско-Курской железной дороги. Свод инструкций
_v№ 10
710 0 2 _aМосковско-Курская железная дорога
_cдо 1917 г.
_9528338
_3RU\NLR\AUTH\8810015235
801 0 _aRU
_bNLR
_gpsbo
801 0 _aRU
_bRuMoRGB
_2psbo
801 1 _aRU
_bProSoft-M
_2rusmarc
852 _aNLR
_j18.150.3.265
942 _cBOOK
980 _aNB